Latín

Gespeichert in:
Bibliographische Detailangaben
1. Verfasser: Rubio Fernández, Lisardo
Weitere Verfasser: Saquero Suárez-Somonte, Pilar
Format: Buch
Sprache:Latein
Erschienen: Zaragoza Luis Vives 1980
Katalog:MANES:  Suchergebnis im Bibliothekskatalog
Schulbuchspezifische Eigenschaften:
Tags: Tag hinzufügen
Keine Tags, Fügen Sie den ersten Tag hinzu!
Hinzugefügt zu:12.05.2021
Geändert in:07.05.2025

MARC

LEADER 00000nam a22000007a 4500
005 20250507133430.0
008 210513b ||||| |||| 00| 0 lat d
040 |a centro_manes  |c Centro_internacional de la cultura escolar 
100 |a Rubio Fernández, Lisardo  |9 35929 
245 |a Latín 
260 |a Zaragoza  |b Luis Vives  |c 1980 
300 |a 236 p.  |c 26 x 18 cm  
500 |a Contiene ilustraciones en blanco y negro y ejercicios para el alumno. 
546 |a España 
561 |5 es-CICE  |3 FMa/LC2  |a España. Centro Internacional de la Cultura Escolar  |k MANES 
690 0 |a LC 
691 0 |a SE 
700 |a Saquero Suárez-Somonte, Pilar  |9 35930 
942 |2 ddc  |c BK 
999 |c 92121  |d 92121 
999 |c manes:92121  |d 92121